Fire Emblem Playable Characters - O - Statistics

General Stats
  • This quiz has been taken 86 times
  • The average score is 10 of 16
Answer Stats
Answer % Correct
Owain
81%
Orson
78%
Ophelia
74%
Odin
70%
Ogma
70%
Osian
70%
Oliver
67%
Oswin
67%
Ogier
63%
Oifey
63%
Oboro
59%
Olivia
59%
Olwen
59%
Oscar
59%
Orochi
52%
Ótr
44%
No matching quizzes found
Score Distribution
Percent of People with Each Score
Percentile by Number Answered
Your Score History
You have not taken this quiz